Rozvoj čitateľskej gramotnosti žiakov 2. ročníka základnej školy s materskou školou prostredníctvom pracovných listov (výťah z atestačnej práce k 1. atestácii)

Podrobná bibliografia
Hlavný autor: Tužinská, Miriam (Autor)
Médium: Článok
Jazyk:slovenčina
Fyzický popis:Fotografie, tabuľky
ISSN:1335-0404
Predmet:
On-line prístup:www.mpc-edu.sk/casopis/pedagogicke-rozhlady

MARC

LEADER 00000nab a2200000 4500
001 vtls011902204
003 SK-MaSNL
005 20260304233427.0
008 191121|2017 xo |||| ||n ||00 0|slo
015 |a SNBRB2019/11 
040 |a SPKCL  |b slo  |e rda 
041 |a slo 
044 |a xo  |c SK 
072 7 |a 028  |x Čítanie  |2 konspekt 
080 |a 37.014.22:028  |2 2011 
080 |a 028-053.5  |2 2011 
100 1 |a Tužinská, Miriam  |4 aut  |9 1569096 
245 1 0 |a Rozvoj čitateľskej gramotnosti žiakov 2. ročníka základnej školy s materskou školou prostredníctvom pracovných listov  |b (výťah z atestačnej práce k 1. atestácii)  |c Miriam Tužinská 
300 |b Fotografie, tabuľky 
336 |a text  |b txt  |2 rdacontent 
337 |a bez média  |b n  |2 rdamedia 
338 |a zväzok  |b nc  |2 rdacarrier 
504 |a Obsahuje bibliografiu 
650 0 7 |a čitateľská gramotnosť  |2 SNKPH  |9 69767 
650 0 7 |a základné školy  |2 SNKPH  |9 1280 
650 0 7 |a pracovné listy  |2 SNKPH  |9 308000 
650 0 7 |a čítanie s porozumením  |2 SNKPH  |9 74316 
773 0 |t Pedagogické rozhľady (online)  |g Roč. 25, č. 4 (2016), s. 22-24  |x 1335-0404 
787 0 8 |i Recenzia: 
856 4 1 |u www.mpc-edu.sk/casopis/pedagogicke-rozhlady 
958 |a NB  |2 snkbucl 
999 |c 3198552  |d 3200482